Back to basics (Record no. 76503)
[ view plain ]
| 000 -LEADER | |
|---|---|
| fixed length control field | 00751cab a2200181 4500 |
| 001 - CONTROL NUMBER | |
| control field | ##L132580 |
| 008 - FIXED-LENGTH DATA ELEMENTS--GENERAL INFORMATION | |
| fixed length control field | 060220n2006 000 0 eng u |
| 035 ## - SYSTEM CONTROL NUMBER | |
| System control number | (Sirsi) u132580 |
| 041 0# - LANGUAGE CODE | |
| Language code of text/sound track or separate title | eng |
| 100 1# - MAIN ENTRY--PERSONAL NAME | |
| Personal name | Lawson, David |
| 245 00 - TITLE STATEMENT | |
| Title | Back to basics |
| Remainder of title | technology and software |
| 260 ## - PUBLICATION, DISTRIBUTION, ETC. | |
| Date of publication, distribution, etc. | 2006 |
| 490 #0 - SERIES STATEMENT | |
| Series statement | Property Week |
| Volume/sequential designation | 71(6) 10 February 2006, 109(1) |
| 520 ## - SUMMARY, ETC. | |
| Summary, etc. | Reports on the success of the web portal, Propex. Last year it listed about £800bn worth of commercial property, and had an estimated 70% of all UK property investment through its portal. It now plans to build on its rise by adding derivative prices to its listings. |
| 590 ## - LOCAL NOTE (RLIN) | |
| Local note | IKA280206 |
| 690 ## - LOCAL SUBJECT ADDED ENTRY--TOPICAL TERM (OCLC, RLIN) | |
| Topical term or geographic name as entry element | PROPERTY-COMMERCIAL PROPERTY-COMMERCIAL PROPERTY MARKET |
| 942 ## - ADDED ENTRY ELEMENTS (KOHA) | |
| Suppress in OPAC | 0 |
| Withdrawn status | Lost status | Source of classification or shelving scheme | Damaged status | Not for loan | Home library | Current library | Shelving location | Date acquired | Total Checkouts | Full call number | Barcode | Date last seen | Copy number | Price effective from | Koha item type |
|---|---|---|---|---|---|---|---|---|---|---|---|---|---|---|---|
| Dewey Decimal Classification | London | London | Journal article | 20/02/2006 | L132580 | 132580-1001 | 06/08/2019 | 1 | 06/08/2019 | Journal article |